[Event "III Festival Magistrale"]
[Site "Montecatini Terme ITA"]
[Date "1994.07.??"]
[Round "?"]
[White "Djuric, Stefan"]
[Black "Sulava, Nenad"]
[Result "0-1"]
[WhiteElo "2485"]
[BlackElo "2410"]
[PlyCount "80"]
[EventDate "1994.07.30"]

1. Nf3 d5 2. d4 Nc6 3. g3 Bg4 4. Bg2 Qd7 5. Nc3 O-O-O 6. O-O f6 7. b4 Bh3 8. b5
Bxg2 9. Kxg2 Na5 10. e4 e6 11. Qd3 g5 12. exd5 exd5 13. Nd1 Nc4 14. a4 Bd6 15.
Ne3 Nxe3+ 16. Bxe3 h5 17. b6 cxb6 18. a5 h4 19. axb6 a6 20. c4 hxg3 21. fxg3
Qh3+ 22. Kf2 Nh6 23. Ke1 dxc4 24. Qxc4+ Kb8 25. Ra2 Rhe8 26. Re2 Rc8 27. Qb3
Ng4 28. Rg1 Nxe3 29. Rxe3 g4 30. Nh4 Qxh2 31. Rg2 Qh1+ 32. Kf2 Rxe3 33. Kxe3
Qe1+ 34. Kd3 Bb4 35. Re2 Rc3+ 36. Qxc3 Qxc3+ 37. Ke4 Qxg3 38. Kf5 Kc8 39. Re8+
Kd7 40. Rh8 Qd3+ 0-1

[Event "III Festival Magistrale"]
[Site "Montecatini Terme ITA"]
[Date "1994.07.??"]
[Round "?"]
[White "Djuric, Stefan"]
[Black "Tocchioni, Doriano"]
[Result "1-0"]
[WhiteElo "2485"]
[BlackElo "2265"]
[PlyCount "59"]
[EventDate "1994.07.30"]

1. e4 c6 2. d4 d5 3. e5 Bf5 4. Nf3 e6 5. Be2 a6 6. O-O c5 7. Be3 Nd7 8. Nbd2
cxd4 9. Bxd4 Bc5 10. c4 Ne7 11. cxd5 Nxd5 12. Bxc5 Nxc5 13. Nc4 O-O 14. Qd4 Ne4
15. Rfd1 Rc8 16. g3 b5 17. Ne3 Nxe3 18. Qxe3 Qe7 19. Rd4 Nc5 20. b3 h6 21. Rad1
Qb7 22. Nh4 Bc2 23. Rc1 Bh7 24. Rg4 Ne4 25. Rxc8 Qxc8 26. Qxh6 g5 27. Bd3 Qc1+
28. Kg2 Qe1 29. Rxg5+ Nxg5 30. Qxg5+ 1-0

[Event "III Festival Magistrale"]
[Site "Montecatini Terme ITA"]
[Date "1994.07.??"]
[Round "?"]
[White "Everet, Alexandro"]
[Black "Gagliardi, Pietro"]
[Result "0-1"]
[WhiteElo "1971"]
[BlackElo "2195"]
[PlyCount "146"]
[EventDate "1994.07.30"]

1. e4 c6 2. d4 d5 3. exd5 cxd5 4. Bd3 Nc6 5. c3 Nf6 6. h3 g6 7. Nf3 Bg7 8. Bf4
Bf5 9. Bxf5 gxf5 10. Qb3 Qd7 11. Nbd2 Ne4 12. Nxe4 fxe4 13. Nd2 Rc8 14. Qd1 O-O
15. Qg4 Qxg4 16. hxg4 f5 17. gxf5 Rxf5 18. Be3 e5 19. dxe5 a6 20. Rb1 Nxe5 21.
Ke2 Rcf8 22. Rhf1 Ng4 23. Nb3 Bh6 24. Bc5 R8f7 25. Rh1 Bg7 26. f3 exf3+ 27.
gxf3 Re5+ 28. Kd2 Rxf3 29. Rbg1 Nf6 30. Bd4 Ref5 31. Rg2 Ne4+ 32. Kc2 Rg3 33.
Rxg3 Nxg3 34. Rg1 Rg5 35. Be3 Rg6 36. Nc5 h5 37. Nd3 h4 38. Bf4 Kf7 39. Bxg3
Rxg3 40. Rh1 Bf6 41. Rh2 Bg5 42. Nf2 Kg6 43. Kd1 Kf5 44. Ke2 Re3+ 45. Kf1 Bf6
46. Nd1 Rf3+ 47. Ke2 Rg3 48. Ne3+ Ke4 49. Nf1 Rg4 50. Nd2+ Ke5 51. Nf3+ Kd6 52.
Ke3 Kc5 53. Rc2 b5 54. Rh2 b4 55. cxb4+ Rxb4 56. Rc2+ Kd6 57. b3 Re4+ 58. Kd3
Rg4 59. Re2 h3 60. Rh2 Rg3 61. Ke2 Be5 62. Rh1 Bf4 63. Kf2 h2 64. Nxh2 Rh3 65.
Kg2 Rxh2+ 66. Rxh2 Bxh2 67. Kxh2 Kc5 68. Kg3 Kb4 69. Kf2 Kc3 70. Ke2 d4 71. Kd1
Kb2 72. Kd2 Kxa2 73. Kc2 Ka3 0-1

[Event "III Festival Magistrale"]
[Site "Montecatini Terme ITA"]
[Date "1994.07.??"]
[Round "?"]
[White "Everet, Alexandro"]
[Black "Loncar, Robert"]
[Result "0-1"]
[WhiteElo "1971"]
[BlackElo "2410"]
[PlyCount "116"]
[EventDate "1994.07.30"]

1. e4 c5 2. Nf3 d6 3. Bb5+ Nd7 4. O-O Ngf6 5. Nc3 e6 6. d3 Be7 7. Bf4 a6 8.
Bxd7+ Nxd7 9. Bg3 O-O 10. d4 cxd4 11. Qxd4 e5 12. Qd2 Nf6 13. Bh4 Nxe4 14. Nxe4
Bxh4 15. Qxd6 Qxd6 16. Nxd6 Be7 17. Nxc8 Raxc8 18. Nxe5 Rxc2 19. Nd3 Rd8 20.
Rfd1 Bf6 21. Rab1 Kf8 22. a3 Re8 23. b4 Ree2 24. Re1 Rxe1+ 25. Rxe1 Bd4 26. Rd1
Ra2 27. Kf1 Rxa3 28. Ke2 Ra2+ 29. Kf3 Bb6 30. Rc1 Rd2 31. Rc3 Ke7 32. Ke4 Kd6
33. g4 Bxf2 34. Rc8 Bb6 35. Rb8 Re2+ 36. Kf4 Re7 37. Rg8 g6 38. Rh8 Be3+ 39.
Kf3 Bd4 40. Rd8+ Rd7 41. Rc8 Bb6 42. Nb2 Bc7 43. Rh8 Ke7 44. Rxh7 Rd4 45. h4
Rf4+ 46. Ke3 Rxb4 47. Nd3 Rxg4 48. h5 gxh5 49. Rxh5 Bd6 50. Kf3 Rc4 51. Rh1 b5
52. Ra1 Ra4 53. Rxa4 bxa4 54. Nc1 a3 55. Na2 Be5 56. Ke4 Ke6 57. Nb4 a5 58. Na2
Bb2 0-1

[Event "III Festival Magistrale"]
[Site "Montecatini Terme ITA"]
[Date "1994.07.??"]
[Round "?"]
[White "Everet, Alexandro"]
[Black "Solinas, Carlo"]
[WhiteElo "1971"]
[BlackElo "2018"]
[Result "1-0"]
[PlyCount "77"]
[EventDate "1994.07.30"]

1. e4 e5 2. Nf3 Nc6 3. Bc4 Nf6 4. d3 Be7 5. Nc3 d6 6. h3 O-O 7. Be3 Kh8 8. Qd2
Na5 9. Bb3 c6 10. d4 Qc7 11. O-O a6 12. Rad1 b5 13. a3 Nxb3 14. cxb3 a5 15. Qc2
Rb8 16. dxe5 dxe5 17. Nd5 Nxd5 18. exd5 f5 19. Qxc6 Qxc6 20. dxc6 f4 21. Bd2 e4
22. Rfe1 e3 23. fxe3 Bc5 24. Kh2 Be6 25. b4 axb4 26. Bxb4 Bxb4 27. axb4 Bb3 28.
Rd4 Rbc8 29. Ne5 g5 30. exf4 gxf4 31. Rc1 Bc4 32. b3 Bxb3 33. Rc5 Ba4 34. c7
Kg7 35. Rd7+ Kf6 36. Rxh7 Ke6 37. Rh6+ Rf6 38. Rxf6+ Kxf6 39. Nd7+ 1-0

[Event "III Festival Magistrale"]
[Site "Montecatini Terme ITA"]
[Date "1994.07.??"]
[Round "?"]
[White "Everet, Alexandro"]
[Black "Wagman, Stuart"]
[Result "1-0"]
[WhiteElo "1971"]
[BlackElo "2210"]
[PlyCount "109"]
[EventDate "1994.07.30"]

1. e4 e5 2. Nf3 Nc6 3. Nc3 Nf6 4. Bc4 Bc5 5. d3 d6 6. Bg5 h6 7. Bxf6 Qxf6 8. h3
Bb4 9. O-O Bxc3 10. bxc3 O-O 11. Nh2 Be6 12. Bb3 Rad8 13. Qd2 g5 14. Rab1 b6
15. f3 Ne7 16. Rf2 Kh7 17. Kh1 Ng6 18. Ng4 Qe7 19. Ne3 Rg8 20. Rbf1 Rg7 21. d4
Rgg8 22. Bxe6 fxe6 23. d5 exd5 24. Qxd5 Nf4 25. Qc4 a5 26. g3 Ne6 27. Nd5 Qf7
28. Nxc7 Rc8 29. Qxe6 Qxe6 30. Nxe6 Rge8 31. Nxg5+ hxg5 32. Rd1 Rxc3 33. Rxd6
Rec8 34. Rxb6 Rxc2 35. Rb2 Rxf2 36. Rxf2 Rc3 37. Kg2 Ra3 38. g4 Kg6 39. Kg3 Kf6
40. h4 gxh4+ 41. Kxh4 Rc3 42. g5+ Kg6 43. Kg4 Rc1 44. Rg2 a4 45. f4 exf4 46.
Kxf4 Rf1+ 47. Ke5 Rb1 48. Kd6 Rd1+ 49. Ke6 Rb1 50. e5 Rb6+ 51. Kd7 Ra6 52. e6
Ra7+ 53. Kd6 Ra6+ 54. Kd5 Ra5+ 55. Kd4 1-0

[Event "III Festival Magistrale"]
[Site "Montecatini Terme ITA"]
[Date "1994.07.??"]
[Round "?"]
[White "Ferretti, Folco"]
[Black "Mambrini, Augusto"]
[Result "1-0"]
[WhiteElo "2285"]
[BlackElo "2027"]
[PlyCount "77"]
[EventDate "1994.07.30"]

1. e4 e6 2. d4 d5 3. Nd2 Nf6 4. e5 Nfd7 5. Bd3 c5 6. c3 Nc6 7. Ne2 cxd4 8. cxd4
f6 9. exf6 Nxf6 10. O-O Bd6 11. Nf3 Qc7 12. g3 O-O 13. Bf4 Bxf4 14. Nxf4 Ne4
15. Bxe4 dxe4 16. Ng5 Qe7 17. Nxe4 e5 18. dxe5 Nxe5 19. Qd5+ Kh8 20. Nd6 Bg4
21. Rae1 Rad8 22. Rxe5 Qxd6 23. Qxd6 Rxd6 24. f3 Bd7 25. Kg2 Bc6 26. h4 Kg8 27.
Re7 Rf7 28. Re3 h6 29. h5 Rf5 30. Rfe1 Rd2+ 31. R1e2 Rxe2+ 32. Rxe2 Kf7 33. Rc2
Kf6 34. Rc4 Re5 35. Kf2 Re7 36. Ng6 Rf7 37. Rf4+ Ke6 38. Rxf7 Kxf7 39. Ne5+ 1-0

[Event "III Festival Magistrale"]
[Site "Montecatini Terme ITA"]
[Date "1994.07.??"]
[Round "?"]
[White "Ferretti, Folco"]
[Black "Menoni, Vincenzo"]
[Result "1-0"]
[WhiteElo "2285"]
[BlackElo "2083"]
[PlyCount "81"]
[EventDate "1994.07.30"]

1. e4 e6 2. d4 d5 3. Nd2 Nf6 4. e5 Nfd7 5. c3 c5 6. Bd3 Nc6 7. Ne2 cxd4 8. cxd4
f6 9. exf6 Nxf6 10. O-O Bd6 11. Nf3 Qc7 12. g3 O-O 13. Bf4 Bd7 14. Rc1 Nh5 15.
Bxd6 Qxd6 16. Nc3 g6 17. Re1 Rf6 18. Bf1 Raf8 19. Bg2 Ng7 20. Rc2 Nf5 21. Rd2
Bc8 22. Ng5 h6 23. Nh3 Kh7 24. Kh1 Qc7 25. f4 Qg7 26. Ng1 g5 27. fxg5 hxg5 28.
Nf3 Rh8 29. Ne5 Kg8 30. Kg1 Nxe5 31. dxe5 Rfh6 32. Bxd5 Qc7 33. Rf2 Qc5 34. Bg2
Rxh2 35. Ne4 Qxe5 36. Qd8+ Kg7 37. Qxg5+ Kf7 38. g4 Rg8 39. Qf4 Qd4 40. Kxh2 e5
41. Ng5+ 1-0

[Event "III Festival Magistrale"]
[Site "Montecatini Terme ITA"]
[Date "1994.07.??"]
[Round "?"]
[White "Ferretti, Folco"]
[Black "Niermann, Michael"]
[Result "1/2-1/2"]
[WhiteElo "2285"]
[BlackElo "2325"]
[PlyCount "83"]
[EventDate "1994.07.30"]

1. e4 c6 2. d4 d5 3. exd5 cxd5 4. Bd3 Nc6 5. c3 Qc7 6. Ne2 e6 7. Bf4 Bd6 8.
Bxd6 Qxd6 9. O-O f5 10. Nd2 Nf6 11. Bb5 Bd7 12. Re1 O-O 13. Nf3 Be8 14. Ne5 Bh5
15. Qc1 h6 16. Nf4 g5 17. Nxh5 Nxh5 18. h4 f4 19. Qc2 Rf5 20. Ng4 Kh7 21. Re5
Raf8 22. Rae1 Ng7 23. hxg5 hxg5 24. Qd3 Kg6 25. Qh3 Qe7 26. Qh6+ Kf7 27. Qh7
Ke8 28. Nh6 Rxe5 29. Rxe5 Kd7 30. Qg6 Nf5 31. Nxf5 Rxf5 32. Rxf5 exf5 33. Qxf5+
Kd6 34. Kf1 a6 35. c4 dxc4 36. Qc5+ Kd7 37. Qxc4 Qe4 38. Qa4 Kd6 39. Qb4+ Kd7
40. f3 Qb1+ 41. Ke2 Qc2+ 42. Kf1 1/2-1/2

[Event "III Festival Magistrale"]
[Site "Montecatini Terme ITA"]
[Date "1994.07.??"]
[Round "?"]
[White "Ferretti, Folco"]
[Black "Temi, Walter"]
[Result "1/2-1/2"]
[WhiteElo "2285"]
[BlackElo "2020"]
[PlyCount "49"]
[EventDate "1994.07.30"]

1. e4 b6 2. d4 Bb7 3. Bd3 e6 4. Nf3 c5 5. c3 Nf6 6. Qe2 d5 7. e5 Nfd7 8. Nbd2
Nc6 9. a3 c4 10. Bc2 Be7 11. O-O Qc7 12. Rd1 Nf8 13. Nf1 O-O-O 14. b3 cxb3 15.
Bxb3 Na5 16. Ba2 Kb8 17. Ng5 Bxg5 18. Bxg5 Rc8 19. Rdc1 Ng6 20. Nd2 Qd7 21. Bb1
Rc7 22. Bd3 Rhc8 23. Bb5 Bc6 24. Ba6 Nb7 25. Bb5 1/2-1/2

[Event "III Festival Magistrale"]
[Site "Montecatini Terme ITA"]
[Date "1994.07.??"]
[Round "?"]
[White "Foisor, Cristina-Adela"]
[Black "Gagliardi, Pietro"]
[Result "1-0"]
[WhiteElo "2405"]
[BlackElo "2195"]
[PlyCount "95"]
[EventDate "1994.07.30"]

1. c4 c5 2. g3 g6 3. Bg2 Bg7 4. Nc3 Nc6 5. Nf3 e6 6. d4 Nxd4 7. Nxd4 cxd4 8.
Nb5 Qb6 9. Bf4 e5 10. Bd2 d5 11. Bxd5 Ne7 12. Bg2 a6 13. Qa4 Bd7 14. Qa5 Qxa5
15. Nd6+ Kf8 16. Bxa5 Bc6 17. O-O Bxg2 18. Kxg2 Nc6 19. Bb6 Ke7 20. c5 Ke6 21.
f4 f5 22. Rab1 Bf8 23. Nxb7 Rb8 24. Na5 Nxa5 25. Bxa5 Bxc5 26. Bc7 Rbc8 27.
Bxe5 Rhd8 28. Rfd1 Bb6 29. Rbc1 Kd5 30. b4 Rc4 31. a3 Rdc8 32. Rxc4 Rxc4 33. e3
Ke4 34. Bxd4 Bxd4 35. exd4 Rxd4 36. Re1+ Kd5 37. Re7 Rd2+ 38. Kh3 Ra2 39. Rxh7
Ke6 40. Rg7 Kf6 41. Rb7 Rxa3 42. Kh4 Ra2 43. Rb6+ Kf7 44. Kg5 Rxh2 45. Rxg6 Ke7
46. Rf6 Rb2 47. Kxf5 Rxb4 48. Rxa6 1-0

[Event "III Festival Magistrale"]
[Site "Montecatini Terme ITA"]
[Date "1994.07.??"]
[Round "?"]
[White "Foisor, Cristina-Adela"]
[Black "Ioseliani, Nana M."]
[Result "1/2-1/2"]
[WhiteElo "2405"]
[BlackElo "2435"]
[PlyCount "95"]
[EventDate "1994.07.30"]

1. c4 g6 2. g3 Bg7 3. Bg2 e5 4. Nc3 d6 5. d3 Ne7 6. Nf3 c5 7. O-O Nbc6 8. a3
O-O 9. Rb1 a5 10. Ne1 Be6 11. Nc2 d5 12. cxd5 Nxd5 13. Ne4 b6 14. Ng5 Bc8 15.
Ne3 Nde7 16. b4 axb4 17. axb4 cxb4 18. Bd2 Rb8 19. Bxb4 Nxb4 20. Rxb4 h6 21.
Nf3 Nc6 22. Rb5 Ba6 23. Rb1 e4 24. dxe4 Qxd1 25. Rfxd1 Bxe2 26. Rd6 Rfc8 27.
Nd5 Kh8 28. Nf4 Bxf3 29. Bxf3 Nd4 30. Bg4 Rc2 31. Rdxb6 Rxb6 32. Rxb6 h5 33.
Rb8+ Kh7 34. Bc8 Nf3+ 35. Kg2 Bd4 36. Nd3 Ne5 37. Nxe5 Rxf2+ 38. Kh1 Bxe5 39.
Rb5 f6 40. Rb3 h4 41. gxh4 Rxh2+ 42. Kg1 Rc2 43. Bh3 Bd4+ 44. Kh1 Rc4 45. h5
Rc1+ 46. Kg2 g5 47. Rd3 Rc2+ 48. Kg3 1/2-1/2

[Event "III Festival Magistrale"]
[Site "Montecatini Terme ITA"]
[Date "1994.07.??"]
[Round "?"]
[White "Foisor, Cristina-Adela"]
[Black "Loncar, Robert"]
[Result "0-1"]
[WhiteElo "2405"]
[BlackElo "2410"]
[PlyCount "136"]
[EventDate "1994.07.30"]

1. c4 e5 2. g3 Nc6 3. Bg2 g6 4. Nc3 Bg7 5. Rb1 a5 6. a3 d6 7. b4 axb4 8. axb4
Nce7 9. Bb2 c6 10. Nf3 f5 11. d3 Nh6 12. O-O Nf7 13. Qb3 Be6 14. b5 O-O 15. Ra1
Rb8 16. Rfd1 g5 17. d4 g4 18. d5 cxd5 19. cxd5 Bd7 20. Nd2 h5 21. Nc4 h4 22.
Ba3 Nc8 23. Ra2 Qf6 24. Bb4 Ng5 25. Qa3 hxg3 26. fxg3 f4 27. Bxd6 f3 28. Bxe5
Qf7 29. exf3 gxf3 30. Rf2 Bh3 31. Bf1 Bxf1 32. Kxf1 Bxe5 33. Nxe5 Qf5 34. Nd3
Qh3+ 35. Ke1 Qg4 36. d6 Nh3 37. Kf1 Qc4 38. Qc5 Nxd6 39. Qxd6 Nxf2 40. Qg6+ Kh8
41. Qh5+ Kg8 42. Kxf2 Qxc3 43. Qd5+ Kh8 44. Nf4 Rbe8 45. Qh5+ Kg8 46. Qg4+ Qg7
47. Qxf3 Rf5 48. Kg2 Rxb5 49. Nh5 Qb2+ 50. Kh3 Qe2 51. Nf6+ Kf7 52. Qf4 Qxd1
53. Ne4+ Ke7 54. Qh4+ Kd7 55. Nf6+ Kc8 56. Qc4+ Kb8 57. Qxb5 Rh8+ 58. Kg2 Qd2+
59. Kf1 Rxh2 60. Qe8+ Ka7 61. Qa4+ Kb6 62. Qb3+ Ka6 63. Qc4+ Ka5 64. Qc5+ b5
65. Qa7+ Kb4 66. Qe7+ Ka4 67. Qe4+ Ka3 68. Qe7+ b4 0-1

[Event "III Festival Magistrale"]
[Site "Montecatini Terme ITA"]
[Date "1994.07.??"]
[Round "?"]
[White "Foisor, Cristina-Adela"]
[Black "Mambrini, Augusto"]
[Result "1/2-1/2"]
[WhiteElo "2405"]
[BlackElo "2027"]
[PlyCount "121"]
[EventDate "1994.07.30"]

1. c4 Nf6 2. Nf3 g6 3. g3 Bg7 4. Bg2 d6 5. Nc3 c5 6. d4 cxd4 7. Nxd4 a6 8. O-O
O-O 9. b3 Qc7 10. Bb2 Nc6 11. Rc1 Nxd4 12. Qxd4 Be6 13. Rfd1 Rac8 14. Qa7 Rb8
15. Na4 Nd7 16. Bxg7 Kxg7 17. c5 Rfc8 18. c6 bxc6 19. Qxa6 c5 20. Nc3 Nf6 21.
e3 h5 22. h4 Rb4 23. Ne2 Bg4 24. Rd2 Rb6 25. Qd3 e5 26. Qc2 Bf5 27. Qd1 Ne4 28.
Bxe4 Bxe4 29. Nc3 Bb7 30. Nd5 Bxd5 31. Rxd5 Rcb8 32. Kh2 Ra6 33. Rc2 Rbb6 34.
Rcd2 c4 35. Rc2 Rc6 36. b4 Ra8 37. Qc1 c3 38. Rd3 Rc8 39. b5 Rc4 40. Qa3 Qc5
41. Qxc5 R8xc5 42. b6 Rb5 43. Rcxc3 Rxc3 44. Rxc3 Rxb6 45. Rc2 Ra6 46. Kg2 Kf6
47. Kf3 d5 48. Ke2 Kf5 49. Rb2 f6 50. Kd2 g5 51. hxg5 fxg5 52. Ke2 Ra5 53. Kf3
e4+ 54. Kg2 Kg4 55. Rd2 h4 56. gxh4 gxh4 57. Rb2 h3+ 58. Kh2 Kf3 59. Rd2 Ra6
60. Rb2 Ra5 61. Rd2 1/2-1/2

[Event "III Festival Magistrale"]
[Site "Montecatini Terme ITA"]
[Date "1994.07.??"]
[Round "?"]
[White "Foisor, Ovidiu-Doru"]
[Black "Bartolini, Tommaso"]
[Result "1-0"]
[WhiteElo "2440"]
[BlackElo "2090"]
[PlyCount "35"]
[EventDate "1994.07.30"]

1. c4 e5 2. g3 Nc6 3. Bg2 d6 4. Nc3 f5 5. d3 Nf6 6. e3 g6 7. Nge2 Bg7 8. Rb1 a5
9. b3 O-O 10. Bb2 h6 11. Qd2 Be6 12. Nd5 Qd7 13. O-O Qf7 14. Nec3 g5 15. d4
exd4 16. exd4 Nxd4 17. Qxd4 Nxd5 18. Qxd5 1-0

[Event "III Festival Magistrale"]
[Site "Montecatini Terme ITA"]
[Date "1994.07.??"]
[Round "?"]
[White "Foisor, Ovidiu-Doru"]
[Black "Maljutin, Evgeni"]
[Result "0-1"]
[WhiteElo "2440"]
[BlackElo "2495"]
[PlyCount "120"]
[EventDate "1994.07.30"]

1. c4 e5 2. g3 c6 3. d4 Bb4+ 4. Bd2 Bxd2+ 5. Qxd2 d6 6. Nc3 Nf6 7. Bg2 O-O 8.
e4 a5 9. Nge2 a4 10. O-O Qa5 11. Nb1 Re8 12. Nec3 Qb4 13. d5 Qxc4 14. b3 axb3
15. axb3 Qxf1+ 16. Bxf1 Rxa1 17. Qb2 Ra7 18. Nd2 Rd8 19. b4 Bg4 20. h3 Bh5 21.
b5 cxd5 22. exd5 Nbd7 23. b6 Raa8 24. Nb5 Nxb6 25. Nc7 Na4 26. Qxb7 Nc5 27.
Qxa8 Rxa8 28. Nxa8 Kf8 29. Nb6 Ke7 30. Bb5 Kd8 31. Ndc4 Kc7 32. Na8+ Kb8 33.
Nab6 Nb7 34. Bc6 Bf3 35. Kf1 Ne4 36. Ne3 g6 37. Ke1 Nbc5 38. Bb5 Kb7 39. Nec4
Nd3+ 40. Kf1 Ndxf2 41. Bc6+ Ka6 42. Nc8 Nxh3 43. N8xd6 Nxd6 44. Nxd6 Ng5 45.
Nc4 f6 46. Kf2 Ka7 47. Ke3 Bh1 48. Nd6 Kb6 49. Ne8 Ne4 50. Ba4 Kc5 51. d6 Nxd6
52. Nxf6 Nf5+ 53. Kf2 h5 54. Be8 Ne7 55. Ke3 Kd6 56. Nh7 Ke6 57. Bb5 Nd5+ 58.
Kf2 Nf6 59. Bc4+ Kf5 60. Nf8 Ne4+ 0-1

[Event "III Festival Magistrale"]
[Site "Montecatini Terme ITA"]
[Date "1994.07.??"]
[Round "?"]
[White "Foisor, Ovidiu-Doru"]
[Black "Menoni, Vincenzo"]
[Result "1-0"]
[WhiteElo "2440"]
[BlackElo "2083"]
[PlyCount "77"]
[EventDate "1994.07.30"]

1. c4 Nf6 2. Nf3 g6 3. g3 Bg7 4. Bg2 O-O 5. O-O d6 6. Nc3 e5 7. d3 Nc6 8. Rb1
h6 9. b4 Be6 10. Nd2 Qd7 11. Nd5 Nh5 12. b5 Nd8 13. Qa4 f5 14. Qa5 Rf7 15. b6
cxb6 16. Nxb6 Qc7 17. Qa4 Rb8 18. Qxa7 Nc6 19. Qa4 Nd4 20. Qd1 f4 21. e3 Nc6
22. Ne4 Rd8 23. Ba3 Ne7 24. Qe2 Nf5 25. c5 d5 26. Nd6 fxe3 27. fxe3 Nxd6 28.
cxd6 Rxf1+ 29. Qxf1 Qc6 30. d7 Rxd7 31. Nxd7 Qxd7 32. Qc1 Nf6 33. Qc5 Bf5 34.
Qe7 Qxe7 35. Bxe7 Bxd3 36. Rxb7 e4 37. Bc5 Ng4 38. h3 Ne5 39. Bd4 1-0

[Event "III Festival Magistrale"]
[Site "Montecatini Terme ITA"]
[Date "1994.07.??"]
[Round "?"]
[White "Foisor, Ovidiu-Doru"]
[Black "Picardi, Angelo"]
[Result "1-0"]
[WhiteElo "2440"]
[BlackElo "2123"]
[PlyCount "83"]
[EventDate "1994.07.30"]

1. c4 Nf6 2. Nf3 c5 3. g3 d5 4. cxd5 Nxd5 5. Bg2 Nc6 6. Nc3 Nc7 7. b3 e5 8. Bb2
Be7 9. Rc1 b6 10. b4 cxb4 11. Ne4 Bb7 12. Nxe5 Nxe5 13. Bxe5 Ne6 14. O-O O-O
15. d3 Qd7 16. Qb3 Bd5 17. Nc5 Bxb3 18. Nxd7 Bxa2 19. Nxf8 Rxf8 20. Rc6 Rd8 21.
Rfc1 Bc5 22. Kf1 Kf8 23. f4 Nd4 24. R6xc5 bxc5 25. Rxc5 b3 26. Bd5 Rxd5 27.
Rxd5 b2 28. Rd8+ Ke7 29. Rb8 b1=Q+ 30. Rxb1 Bxb1 31. Bxd4 a6 32. Bxg7 f6 33. g4
Kf7 34. Bh8 a5 35. Kf2 a4 36. h4 a3 37. g5 fxg5 38. hxg5 Bc2 39. Ke3 a2 40. Bc3
Bd1 41. Kd2 Bb3 42. f5 1-0

[Event "III Festival Magistrale"]
[Site "Montecatini Terme ITA"]
[Date "1994.07.??"]
[Round "?"]
[White "Gagliardi, Pietro"]
[Black "Balzan, Roberto"]
[Result "1/2-1/2"]
[WhiteElo "2195"]
[BlackElo "1933"]
[PlyCount "24"]
[EventDate "1994.07.30"]

1. e4 e6 2. d4 d5 3. Nd2 Nf6 4. e5 Nfd7 5. Bd3 c5 6. c3 Nc6 7. Ne2 cxd4 8. cxd4
f6 9. exf6 Nxf6 10. Nf3 Bd6 11. O-O O-O 12. Nc3 a6 1/2-1/2

[Event "III Festival Magistrale"]
[Site "Montecatini Terme ITA"]
[Date "1994.07.??"]
[Round "?"]
[White "Gagliardi, Pietro"]
[Black "Barlocco, Carlo"]
[Result "1/2-1/2"]
[WhiteElo "2195"]
[BlackElo "2280"]
[PlyCount "84"]
[EventDate "1994.07.30"]

1. e4 d5 2. exd5 Nf6 3. c4 c6 4. d4 cxd5 5. Nc3 g6 6. Qb3 Bg7 7. cxd5 O-O 8.
Be2 Nbd7 9. Bf3 Nb6 10. Bf4 Bg4 11. Bxg4 Nxg4 12. Nf3 Nf6 13. d6 exd6 14. O-O
Nh5 15. Bg5 Qd7 16. a4 h6 17. Be3 Qc6 18. Nb5 Qc4 19. Qa3 d5 20. Rfc1 Qe2 21.
Re1 Qc2 22. b3 Rfc8 23. Rac1 Qd3 24. Rcd1 Qc2 25. Rc1 Qd3 26. Ne5 Bxe5 27. dxe5
Rxc1 28. Rxc1 a6 29. Bxb6 axb5 30. Qb4 bxa4 31. bxa4 g5 32. g3 Ng7 33. a5 Ne6
34. Qe7 Qd2 35. Rf1 Rb8 36. Qf6 Qe2 37. f4 gxf4 38. gxf4 Rc8 39. f5 Ng5 40.
Qxh6 Nf3+ 41. Rxf3 Qxf3 42. Qg5+ Kf8 1/2-1/2

[Event "III Festival Magistrale"]
[Site "Montecatini Terme ITA"]
[Date "1994.07.??"]
[Round "?"]
[White "Gagliardi, Pietro"]
[Black "Berg, Daniel"]
[Result "0-1"]
[WhiteElo "2195"]
[BlackElo "2320"]
[PlyCount "168"]
[EventDate "1994.07.30"]

1. e4 d6 2. d4 Nf6 3. Nd2 e5 4. c3 Nc6 5. Ngf3 g6 6. Be2 Bg7 7. O-O O-O 8. dxe5
Nxe5 9. Nxe5 dxe5 10. Qc2 Bg4 11. Nf3 Qe7 12. h3 Bd7 13. Re1 Nh5 14. a4 h6 15.
b3 Qf6 16. Nh2 Nf4 17. Bg4 Bc6 18. g3 Ne6 19. Bf3 a5 20. Bg2 h5 21. h4 Rfb8 22.
Be3 Bf8 23. Nf3 Bc5 24. Bxc5 Nxc5 25. Ng5 Rd8 26. Rad1 Kg7 27. Bf1 Rxd1 28.
Rxd1 Rd8 29. Rxd8 Qxd8 30. Bc4 f6 31. Nf7 Qd7 32. Qc1 Ne6 33. Bxe6 Qxe6 34. Nd8
Qd6 35. Nxc6 Qxc6 36. Qe3 Qe6 37. c4 Qd6 38. c5 Qd1+ 39. Kg2 Qc2 40. Kf1 Qc1+
41. Kg2 Qc2 42. Kg1 Qb1+ 43. Kh2 Qc2 44. Kg1 Kg8 45. f4 exf4 46. gxf4 Qd1+ 47.
Kf2 Kf7 48. e5 Qg4 49. Qg3 Qxg3+ 50. Kxg3 Ke6 51. exf6 Kxf6 52. c6 bxc6 53. b4
axb4 54. a5 b3 55. a6 b2 56. a7 b1=Q 57. a8=Q Qd3+ 58. Kf2 Kf5 59. Qa5+ Qd5 60.
Qxc7 Kg4 61. Qe7 Qd2+ 62. Kg1 Qxf4 63. Qd7+ Kxh4 64. Qxc6 Qg3+ 65. Kh1 Qe1+ 66.
Kg2 Qg3+ 67. Kh1 Qh3+ 68. Kg1 g5 69. Qf6 Qg4+ 70. Kh1 Qe4+ 71. Kg1 Qg4+ 72. Kh1
Qf4 73. Qb2 Qe4+ 74. Kh2 Kg4 75. Qg7 Qe2+ 76. Kh1 Qe1+ 77. Kg2 Qd2+ 78. Kf1 Kh3
79. Qg8 Qg2+ 80. Ke1 g4 81. Qh7 h4 82. Qh6 Qh1+ 83. Ke2 Qf3+ 84. Ke1 g3 0-1

[Event "III Festival Magistrale"]
[Site "Montecatini Terme ITA"]
[Date "1994.07.??"]
[Round "?"]
[White "Gagliardi, Pietro"]
[Black "Kovacevic, Slobodan"]
[Result "0-1"]
[WhiteElo "2195"]
[BlackElo "2380"]
[PlyCount "158"]
[EventDate "1994.07.30"]

1. e4 c5 2. Nf3 e6 3. d4 cxd4 4. Nxd4 a6 5. Bd3 Nf6 6. O-O d6 7. c4 Nbd7 8. Nc3
Be7 9. Be3 O-O 10. Rc1 Qc7 11. f3 b6 12. Qd2 Bb7 13. Rfd1 Rac8 14. Bf1 Rfe8 15.
Kh1 Qb8 16. b3 Bd8 17. Nc2 Bc7 18. Bg1 Kh8 19. h3 h6 20. Ne3 Ne5 21. Ng4 Nh5
22. Bh2 Kg8 23. Be2 d5 24. Nf2 Nd3 25. Nxd3 Bxh2 26. e5 Bxe5 27. Nxe5 Qxe5 28.
Bd3 dxc4 29. Bxc4 b5 30. Bd3 Red8 31. Ne2 Rxc1 32. Rxc1 Bd5 33. Qa5 Qg5 34. Rd1
Ra8 35. Qc7 g6 36. Kh2 Qe3 37. Qc3 Nf4 38. Ng3 Qb6 39. Qf6 Qb8 40. Kh1 Nxh3 41.
Bxg6 Nf2+ 42. Kh2 Ra7 43. Rd2 fxg6 44. Rxf2 Rf7 45. Qh4 Kh7 46. Kg1 Qb6 47. Ne4
Kg7 48. Kf1 Qd4 49. Re2 Bxe4 50. Qxe4 Qxe4 51. Rxe4 Kf6 52. Rf4+ Ke7 53. Rh4 h5
54. Kf2 Rf5 55. Rd4 Rc5 56. Rd2 Kf6 57. Kg3 a5 58. Kf2 Kf5 59. Kg3 g5 60. Rd8
h4+ 61. Kh3 Kf4 62. Rf8+ Rf5 63. Re8 Re5 64. Rf8+ Ke3 65. Ra8 b4 66. Rd8 Kf2
67. Ra8 Ke2 68. Rd8 Kf1 69. Rg8 Kf2 70. Rg7 Ke1 71. Rg8 Kd1 72. Rc8 Re2 73. Rc5
Rxa2 74. Rxg5 Kc2 75. Kxh4 Kxb3 76. g4 a4 77. Re5 Rh2+ 78. Kg3 Rh6 79. Re3+ Kc2
0-1

[Event "III Festival Magistrale"]
[Site "Montecatini Terme ITA"]
[Date "1994.07.??"]
[Round "?"]
[White "Gagliardi, Pietro"]
[Black "Pagnoncelli, Marco"]
[Result "1-0"]
[WhiteElo "2195"]
[BlackElo "1900"]
[PlyCount "49"]
[EventDate "1994.07.30"]

1. e4 c5 2. Nf3 d6 3. d4 cxd4 4. Nxd4 Nf6 5. Nc3 g6 6. Be3 Bg7 7. f3 O-O 8. Qd2
Nc6 9. Bc4 Bd7 10. h4 Qa5 11. O-O-O Rfc8 12. Bb3 Ne5 13. g4 b5 14. h5 Nc4 15.
Bxc4 bxc4 16. Bh6 Rab8 17. Bxg7 Qb4 18. Qh6 Qxb2+ 19. Kd2 Rb3 20. Nde2 Rxc3 21.
Nxc3 Ba4 22. Nxa4 c3+ 23. Ke1 Qxc2 24. Bxf6 exf6 25. hxg6 1-0

[Event "III Festival Magistrale"]
[Site "Montecatini Terme ITA"]
[Date "1994.07.??"]
[Round "?"]
[White "Gaido, Paolo"]
[Black "Costantino, Giampaolo"]
[Result "1/2-1/2"]
[WhiteElo "2095"]
[BlackElo "1953"]
[PlyCount "34"]
[EventDate "1994.07.30"]

1. Nf3 d5 2. d4 Nf6 3. c4 e6 4. Nc3 c5 5. e3 Nc6 6. cxd5 Nxd5 7. Bb5 Qa5 8. Qa4
Qxa4 9. Bxa4 Nxc3 10. bxc3 cxd4 11. cxd4 Bd7 12. Rb1 b6 13. O-O Bd6 14. Bd2 Ke7
15. Bb5 Rac8 16. Rfc1 Nb8 17. Bd3 Rxc1+ 1/2-1/2

[Event "III Festival Magistrale"]
[Site "Montecatini Terme ITA"]
[Date "1994.07.??"]
[Round "?"]
[White "Gaido, Paolo"]
[Black "Palac, Mladen"]
[Result "0-1"]
[WhiteElo "2095"]
[BlackElo "2495"]
[PlyCount "60"]
[EventDate "1994.07.30"]

1. Nf3 d5 2. d4 Nf6 3. c4 e6 4. Bg5 dxc4 5. Qa4+ Nbd7 6. Qxc4 c5 7. dxc5 Bxc5
8. e3 a6 9. Be2 b5 10. Qh4 O-O 11. O-O Re8 12. Nc3 h6 13. Bxf6 Nxf6 14. Rfd1
Qe7 15. Ne5 Bb7 16. Ng4 Nxg4 17. Qxe7 Bxe7 18. Bxg4 Rac8 19. Bf3 Bxf3 20. gxf3
b4 21. Ne4 Rc2 22. Rd2 Rxd2 23. Nxd2 Rc8 24. a3 Rc2 25. Ne4 f5 26. axb4 fxe4
27. fxe4 Bh4 28. Rxa6 Bxf2+ 29. Kh1 Bxe3 30. Rxe6 Rxb2 0-1